Statystyki dla Zdobywcy Pucharu Narodów Afryki

Kliknij tutaj aby rozwiązać quiz!

Ogólne statystyki

  • Ten quiz został rozwiązany 154 razy
  • Średni wynik to 29 z 33

Statystyki odpowiedzi

HintOdpowiedź% Poprawnych
1957Egipt
100%
1986Egipt
100%
2010Egipt
100%
2008Egipt
100%
2006Egipt
100%
1998Egipt
100%
1959Egipt
100%
2021Senegal
97%
1996Republika Południowej Afryki
96%
1990Algieria
93%
2019Algieria
93%
1976Maroko
92%
2017Kamerun
91%
1984Kamerun
91%
1988Kamerun
91%
2000Kamerun
91%
2002Kamerun
91%
1980Nigeria
88%
2013Nigeria
88%
1994Nigeria
88%
2004Tunezja
86%
2015Wybrzeże Kości Słoniowej
86%
1992Wybrzeże Kości Słoniowej
86%
1968Demokratyczna Republika Konga
84%
1965Ghana
81%
1963Ghana
81%
1982Ghana
81%
1978Ghana
81%
1972Kongo
74%
1962Etiopia
69%
1970Sudan
69%
2012Zambia
65%
1974Zair
34%

Rozkład punktacji

Percentyl według liczby udzielonych odpowiedzi

Procent ludzi z każdym wynikiem

Twoja historia wyników

Nie rozwiązałeś tego quizu